000 00568nam a2200157 a 4500
008 120416s1967 ||||||||||||||||| || u
050 _aHD 860.8 Obe
100 _aObeyesekere, Gananath
245 1 0 _aLand tenure in village Ceylon
246 _aa sociological and historical study
260 _aCambridge
_bThe University Press
_c1967
350 _a0.00
650 _aLAND
650 _aLAND TENURE--CEYLON
995 _D0.00
_FCBU-MAIN LIBRARY (Kitwe)
_H1
_I0.00
_M1
_UAVAILABLE
_ZMain Library Open Access Collection
999 _c48828
_d48828